Impact assessment for development agencies : (Record no. 19669)

MARC details
000 -LEADER
fixed length control field 01111cam a22003254a 4500
001 - CONTROL NUMBER
control field 15606352
003 - CONTROL NUMBER IDENTIFIER
control field OSt
005 - DATE AND TIME OF LATEST TRANSACTION
control field 20211123102831.0
008 - FIXED-LENGTH DATA ELEMENTS--GENERAL INFORMATION
fixed length control field 090114r20091999ii a b 001 0 eng
010 ## - LIBRARY OF CONGRESS CONTROL NUMBER
LC control number 2009340520
020 ## - INTERNATIONAL STANDARD BOOK NUMBER
International Standard Book Number 9788187374602
020 ## - INTERNATIONAL STANDARD BOOK NUMBER
Canceled/invalid ISBN 8187374602
025 ## - OVERSEAS ACQUISITION NUMBER
Overseas acquisition number I-E-2009-340520; 88-01
035 ## - SYSTEM CONTROL NUMBER
System control number (IN-NdUBS)UBS09000033
037 ## - SOURCE OF ACQUISITION
Source of stock number/acquisition Library of Congress -- New Delhi Overseas Office
Terms of availability Rs450.00
040 ## - CATALOGING SOURCE
Original cataloging agency DLC
Transcribing agency HU
042 ## - AUTHENTICATION CODE
Authentication code lcode
050 00 - LIBRARY OF CONGRESS CALL NUMBER
Classification number HD75.9
Item number .R62 2009
100 1# - MAIN ENTRY--PERSONAL NAME
Personal name Roche, Chris
Fuller form of name (Chris J. R.)
9 (RLIN) 20003
245 10 - TITLE STATEMENT
Title Impact assessment for development agencies :
Remainder of title learning to value change /
Statement of responsibility, etc. Chris Roche.
260 ## - PUBLICATION, DISTRIBUTION, ETC.
Place of publication, distribution, etc. New Delhi :
Name of publisher, distributor, etc. Saṁsḳriti,
Date of publication, distribution, etc. 2009.
300 ## - PHYSICAL DESCRIPTION
Extent viii, 312 p. :
Other physical details ill. ;
Dimensions 23 cm.
500 ## - GENERAL NOTE
General note Originally published: Oxfam GB with Novib, 1999.
504 ## - BIBLIOGRAPHY, ETC. NOTE
Bibliography, etc. note Includes bibliographical references (p. 285-292) and index.
650 #0 - SUBJECT ADDED ENTRY--TOPICAL TERM
Topical term or geographic name entry element Economic development projects
General subdivision Evaluation.
9 (RLIN) 13932
710 2# - ADDED ENTRY--CORPORATE NAME
Corporate name or jurisdiction name as entry element Oxfam GB.
9 (RLIN) 20004
906 ## - LOCAL DATA ELEMENT F, LDF (RLIN)
a 7
b cbc
c origode
d 3
e ncip
f 20
g y-gencatlg
942 ## - ADDED ENTRY ELEMENTS (KOHA)
Source of classification or shelving scheme Dewey Decimal Classification
Koha item type Books like text book referance book
Suppress in OPAC No
Holdings
Withdrawn status Lost status Source of classification or shelving scheme Damaged status Not for loan Home library Current library Shelving location Date acquired Total Checkouts Full call number Barcode Date last seen Copy number Price effective from Koha item type
    Dewey Decimal Classification     Social Library Social Library General Stacks 11/23/2021   363.7/ROK SHLIB 00003103 11/23/2021 1 11/23/2021 Books like text book referance book